01389nam a2200325 i 4500003000900000005001700009007000300026008004100029040003000070082001400100110005900114245011100173264005100284300005900335336002700394337003400421338002800455504003000483590002600513650005400539650005200593650003200645650003700677700005600714910001400770942001400784952012100798952012700919999001701046DO-SdBNP20260408193042.0ta220117e2022 dr bdo|gr|||| 00| 0 spa d aDO-SdBNPbspacBNPHUerda 4222bR426l1 aRepública Dominicana.bMinisterio de Defensa.97543613aEl libro blanco de la defensa de :bRepública Dominicana /cPresentación de Carlos Luciano Díaz Mofa 1aSanto Domingo :bMinisterio de Defensa,c2022. a216 páginasbmapas, graficos, fotografías c28 cm. 2rdacontentatextobtxt 2rdamediaasin mediación bn 2rdacarrieravolumenbnc aBibliografía p: 213-214 aInventariado 2023/ YL 0932794aSeguridad NacionalxRepública Dominicana 0913058aRepública DominicanaxHistoria Militar 0915820aSociología Militar 0aDefensa (Ciencia militar)9109321 aDíaz Mofa, Carlos Luciano epresentación980953 aYLockward 2ddccLBS1 00102ddc51708PDaBNPHUbBNPHUcCTd2023-01-23eEditora Búhol0oR426lp2023-5997r2023-09-18w2023-09-18yLBS1 00102ddc51708PDaBNPHUbBNPHUcCTd2023-01-23eEditora Búhol0oR426lp2023-5998r2023-09-18te. 2w2023-09-18yLBS1 c54794d54794